000 01342cad a22002295a 4500
001 L154928
008 120202s2012 xxkad f s 000 0 eng d
035 _a(Sirsi) u154928
041 0 _aeng
110 2 _aRoyal Institution of Chartered Surveyors
_bEconomics
_95033
245 0 0 _aRICS global commercial property survey
_bQ4 2011
_h[electronic resource]
260 _aLondon
_bRICS
_c2011
490 0 _aRICS Global Commercial Property Survey United Kingdom
_vQ4 2011
520 _aRICS Q4 2011 survey suggests that the weaker global economic climate in the final three months of last year has adversely affected confidence in the commercial real estate sector. Canada, Brazil, Russia and China in particular have bucked this trend and recorded positive net balance reading. Sentiment is least positive in Europe's periphery but Germany still stands out from the crowd.
520 _aGlobal survey and also a suite of regional commercial property surveys for the Americas; Europe; Hong Kong, China and Singapore; India; Oceania, and United Arab Emirates.
590 _aKA
650 2 4 _aRICS GLOBAL COMMERCIAL PROPERTY SURVEY
651 4 _aInternational
690 _aCommercial property
_96227
856 4 0 _uhttps://www.rics.org/site/scripts/downloads.aspx?categoryID=710
_zView the surveys free of charge at www.rics.org
942 _n0
999 _c113242
_d113242